00469nam a2200169Ia 4500003000400000008004100004040001600045082001700061100002300078245004700101260004000148300001000188650002100198650001200219650003300231650003500264GCL140319s9999 xx 000 0 eng d aGCL / cGCL04a940.558bC E1 aCALAME, CHRISTOPHE10aECRITS SUR L'EUROPE / cCALAME, CHRISTOPHE a[S.N] : bEDITIONS DE LA DIFFERENCE aMULTI04aEUROPE - HISTORY04aHISTORY04aEUROPE - HISTORY - 1948-196104aEUROPE - HISTORY - 1962 - 1986